Every Daft Punk song that hit the Billboard hot 100 - Statistics

General Stats
  • This quiz has been taken 118 times
  • The average score is 4 of 5
Answer Stats
Peak Chart Position Year Song % Correct
2 2013 Get Lucky
99%
61 2001 One More Time
92%
61 1997 Around The World
91%
1 2017 Starboy
71%
4 2017 I Feel It Coming
63%
No matching quizzes found
Score Distribution
Percent of People with Each Score
Percentile by Number Answered
Your Score History
You have not taken this quiz